000 00887nam a22002412 4500
001 0000025478
005 20151217154549.0
008 151001s xx 000 0 eng d
020 _a9004221000 :
040 _aKABU
_cKABU
245 1 4 _aThe African Union :legal and institutional framework :
_ba manual on the Pan-African Organization /
_cedited by Abdulqawi A. Yususf and Fatsah Ouguergouz.
260 _aLeiden, Boston :
_bMartinus Nijhoff publishers,
_c2012.
300 _axvi, 576 p.
650 0 _aAfrican Union.
_@0000186131
650 0 _aAfrica
_xPolitics and government
_y1960-.
_@0000180034
650 0 _aAfrican cooperation.
_@0000158346
650 0 _aPan-Africanism.
_@0000130547
700 1 _aYusuf, Abdulqawi.
_@0000186132
700 1 _aOuguergouz.
_@0000186133
852 1 _9p32500 KES
908 _a151001
950 _@1
999 _c11738
_d11738